Statistics for Dansk Trivia #3

Click here to take the quiz!

General Stats

  • This quiz has been taken 348 times
  • The average score is 8 of 10

Answer Stats

SpørgsmålSvar% Correct
Denne danske musikgruppe hitter i 1997 med sangen 'Barbie Girl'. Hvad hedder gruppen?Aqua
96%
I oktober 1972 stemmer danskerne om optagelse i hvilken union?De Europæiske Fællesskaber
95%
I 1920 bliver denne landsdel igen en del af Danmark. Hvad hedder landsdelen?Sønderjylland
93%
Ifølge myten falder Danmarks flag, Dannebrog, ned fra himlen d. 15. juni 1219. Men i hvilket land skete dette efter sigende?Estland
91%
Denne danske fysiker modtog Nobelprisen i fysik i 1922 for sin kortlæggelse af brintatomet. Hvad hed han?Niels Bohr
90%
I 1802 bliver disse nationalsymboler stjålet og omsmeltet. I 2007 bliver kopier af disse igen stjålet. Hvad kaldes de?Guldhornene
89%
En yderst populær serie på 24 afsnit bliver sendt for første gang i november 1978. Hvad hedder serien?Matador
89%
I 1983 bliver et nyt betalingskort introduceret i Danmark. Hvad hedder kortet?Dankort
86%
Danmark bliver efter en dramatisk fodboldlandskamp taberdømt 3 - 0 i juni 2007. Hvem var modstanderen?Sverige
81%
I perioden fra 1972 til 1989 står denne gruppe bag politisk kriminalitet med et venstreorienteret formål. Hvad hed gruppen?Blekingegadebanden
36%

Score Distribution

Percentile by Number Answered

Percent of People with Each Score

Your Score History

You have not taken this quiz